Szczegóły MARC21

Strategiczne zarządzanie finansami : przyrost majątku firmy, źródła jego finansowania, planowanie finansowe firmy w kategoriach korzyści, ryzyka i czasu /

003 -Nazwa inst., której nr kontr. jest w polu 001 [,]
    • @
    • Nazwa instytucji, której n kontrolny jest w polu 001
    • NUKAT
005 -DATA I CZAS OSTATNIEJ MODYFIKACJI [,]
    • @
    • pole kontrolne
    • 20241231111632.0
020 -Międzynarod. znormalizowany nr książki - ISBN [ , ]
    • a
    • Numer ISBN
    • 8387038008 Find
040 -Instytucja sporządzająca opis [ , ]
    • a
    • Instytucja, która sporządziła opis (NP)
    • Ł U/MA
    • c
    • Instytucja, która sporządziła rekord (NP)
    • Ł U/MA
    • d
    • Instytucja, która zmodyfikowała rekord (P)
    • Ł U/AS
    • d
    • Instytucja, która zmodyfikowała rekord (P)
    • Ł U/MSs
942 -Rodzaj dokumentu [ , ]
    • c
    • Rodzaj dokumentu
    • Książka
100 -Hasło główne - nazwa osobowa [1, ]
    • a
    • Nazwa osobowa (NP)
    • Pluta, Wiesław.
    • 9
    • KHW
    • 12401
245 -Strefa tytułu i oznaczenia odpowiedzialności [1,0]
    • a
    • Tytuł
    • Strategiczne zarządzanie finansami : Find
    • b
    • Ciąg dalszy tytułu (NP)
    • przyrost majątku firmy, źródła jego finansowania, planowanie finansowe firmy w kategoriach korzyści, ryzyka i czasu / Find
    • c
    • Pozostałe elementy strefy tytułu i oznaczenia odpowiedzialności (NP)
    • Wiesław Pluta.
260 -Strefa adresu wydawniczego [ , ]
    • a
    • Miejsce wydania (P)
    • Wrocław :
    • b
    • Nazwa wydawcy (P)
    • "Ekspert",
    • c
    • Data wydania (P)
    • 1996.
300 -Strefa opisu fizycznego [ , ]
    • a
    • Określenie formy książki i/lub objętość (NP)
    • 209, [2] s. :
    • b
    • Oznaczenie ilustracji (NP)
    • tab., wykr. ;
    • c
    • Format (NP)
    • 23 cm.
336 -Typ zawartości [ , ]
    • a
    • Termin opisujący typ zawartości
    • Tekst
    • b
    • Kod określający zawartość
    • txt
    • 2
    • Źródło (terminu i kodu)
    • rdacontent
337 -Typ mediów [ , ]
    • a
    • Tryb odtwarzania
    • Bez urządzenia pośredniczącego
    • b
    • Kod typu mediów
    • n
    • 2
    • Źródło (terminu i kodu)
    • rdamedia
338 -Typ/rodzaj nośnika [ , ]
    • a
    • Hasło opisujące typ nośnika
    • Wolumin
    • b
    • Kod typu nośnika
    • nc
    • 2
    • Źródło (terminu i kodu)
    • rdacarrier
504 -Uwaga dot. bibliogr. załącznikowej [ , ]
    • a
    • Uwaga dot. bibliografii załącznikowej
    • Bibliogr. s. [210].
080 -Uniwersalna Klasyfikacja Dziesiętna [ , ]
    • a
    • Symbol klasyfikacji
    • 658.14/.17
    • 9
    • UKD
    • 5620
    • 2
    • Identyfikator wydania tablic
    • UDC-P058
    • b
    • Dopowiedzenie
    • Zagadnienia finansowe przedsiębiorstwa. Rozrachunek gospodarczy. Fundusz zakładowy.
650 -Hasło przedmiotowe [ ,7]
    • a
    • Hasło przedmiotowe
    • Przedsiębiorstwa
    • x
    • Określnik rzeczowy
    • finanse.
    • 2
    • Źródło terminu
    • kaba
    • 9
    • KHW
    • 126391
650 -Hasło przedmiotowe [ ,7]
    • a
    • Hasło przedmiotowe
    • Zarządzanie finansowe.
    • 2
    • Źródło terminu
    • kaba
    • 9
    • KHW
    • 137507
980 -Symbol UKD [ , ]
    • a
    • UKD
    • 658.14/.17
920 -ISBN [ , ]
    • a
    • ISBN
    • 83-87038-00-8 Find
Lokalizacja Data inwentaryzacji Numer inwentarzowy Status udost. Sygnatura
BE1997-04-16E.64309-2 
BE1997-06-26S.805492 
BE1997-06-26S.805502 
BE1997-06-26S.805512 
BE2000-01-13S.848272 
BE2000-01-13S.848282 
BE2000-01-13S.848292 
BE2000-01-13S.84830-3 
BE2000-01-13S.84831-6 
BE2000-01-13S.84832-6 
BG1997-06-26Z.897411Z.89741
BSA1997-06-26SA.77251SA.7725
T1999-02-10T.314-3 
T1999-02-10T.315-3 
T1999-02-10T.316-3